000 00385nas a2200157 a 4500
001 57199
003 128396
005 20201118103307.0
008 ||||||n9999 ||| || ||
041 _aspa
245 0 _aEl Mercado de Valores - Vol.58 No.8
260 _aMéxico :
_bNacional Financiera,
_c1998.
562 _e1
773 _017031
_aEl Mercado de Valores
942 _cSISS
999 _c57199
_d57199